000 01247cab a22002295a 4500
001 L137693
008 070424e20070421xxkado f 000 0 eng d
035 _a(Sirsi) u137693
041 0 _aeng
100 1 _aHarris, David
245 0 0 _aFocus
_bSussex and Surrey
490 _aEstates Gazette
_v(0716) 21 April 2007, 131-153(13)
520 _aBrighton offers a good deal of office space, but over 90% of it is considered of poor quality. Delays with the Croydon Gateway Scheme are affecting development, so the town is missing opportunities for regeneration. Plans to regenerate Crawley are aimed at its retail-centred Boulevard and a residential scheme. It suffers from a lack of office space, while the industrial sector is eyeing both new-builds and changes of use. The Surrey office market is recovering from the IT slump four years ago. Walton-on-Thames and Camberley are looking forward to new retails centres after long delays. Hastings is promised new work and leisure areas.
590 _aKA
651 4 _aSOUTH EAST
690 _aPROPERTY-COMMERCIAL PROPERTY-COMMERCIAL PROPERTY DEVELOPMENT
700 1 _aCunningham, Daniel
700 1 _aCavanagh, Elaine
700 1 _aTaylor, Andrew
700 1 _aCrawford, David
942 _n0
999 _c78691
_d78691